Normal view
MARC view
- Najam,Rida, Afridi,Asad Khan & Zafar,Danyal
Entry Personal Name
001 - CONTROL NUMBER
- control field: 4863
003 - CONTROL NUMBER IDENTIFIER
- control field: NUST
005 - DATE AND TIME OF LATEST TRANSACTION
- control field: 20170922125415.0
008 - FIXED-LENGTH DATA ELEMENTS
- fixed length control field: 170922|| aca||aabn | a|a d
040 ## - CATALOGING SOURCE
- Original cataloging agency: NUST
- Transcribing agency: NUST
100 ## - HEADING--PERSONAL NAME
- Personal name: Najam,Rida, Afridi,Asad Khan & Zafar,Danyal
670 ## - SOURCE DATA FOUND
- Source citation: Work cat.: (NUST): Najam,Rida, Afridi,Asad Khan & Zafar,Danyal, Debt sustainability and role of fiscal institutions in the region, 2016
